000 00573nam a22002417a 4500
003 UA-OsUOA
001 22421
007 ta
008 20031219b un ||||| |||| 00| 0 ukr d
100 _aСагадеев А.В.
090 _a1(091)"653"
_bС13
942 _cBK
040 _aUA-OsUOA
_brus
_cUA-OsUOA
_dUA-OsUOA
245 _aИбн-Рушд (Аверроэс)
300 _a207 с.
955 _a0
041 _arus
080 _a1(091)"653"
260 _aМосква
_bМысль
_c1973
044 _aRU
650 7 _2UDC
999 _c308641
_d308641